Conference on children in a democracy; (Record no. 36304)
[ view plain ]
| 000 -LEADER | |
|---|---|
| fixed length control field | 01054cam a22002651 4500 |
| 001 - CONTROL NUMBER | |
| control field | l 39000107 |
| 003 - CONTROL NUMBER IDENTIFIER | |
| control field | DLC |
| 005 - DATE AND TIME OF LATEST TRANSACTION | |
| control field | 20260227111537.0 |
| 008 - FIXED-LENGTH DATA ELEMENTS--GENERAL INFORMATION | |
| fixed length control field | 780825s1939 dcu 000 0 eng |
| 010 ## - LIBRARY OF CONGRESS CONTROL NUMBER | |
| LC control number | l 39000107 |
| 035 ## - SYSTEM CONTROL NUMBER | |
| System control number | (OCoLC)4167745 |
| 040 ## - CATALOGING SOURCE | |
| Original cataloging agency | DLC |
| Transcribing agency | OAk |
| Modifying agency | PU |
| -- | DNLM |
| -- | DLC |
| 043 ## - GEOGRAPHIC AREA CODE | |
| Geographic area code | n-us--- |
| 050 00 - LIBRARY OF CONGRESS CALL NUMBER | |
| Classification number | HV741 |
| Item number | .C56 1939a |
| 060 0# - NATIONAL LIBRARY OF MEDICINE CALL NUMBER | |
| Classification number | W3 |
| Item number | WH538 1939-40c |
| 111 2# - MAIN ENTRY--MEETING NAME | |
| Meeting name or jurisdiction name as entry element | White House Conference on Children in a Democracy |
| Date of meeting or treaty signing | (1939-1940 : |
| Location of meeting | Washington, D.C.) |
| 245 10 - TITLE STATEMENT | |
| Title | Conference on children in a democracy; |
| Remainder of title | papers and discussions at the initial session, held in Washington, D.C., April 26, 1939. |
| 260 ## - PUBLICATION, DISTRIBUTION, ETC. | |
| Place of publication, distribution, etc. | Washington, |
| Name of publisher, distributor, etc. | U.S. Govt. print. off., |
| Date of publication, distribution, etc. | 1939. |
| 300 ## - PHYSICAL DESCRIPTION | |
| Extent | vi, 149 p. |
| Dimensions | 23 cm. |
| 500 ## - GENERAL NOTE | |
| General note | At head of title: United States Department of labor. Frances Perkins, secretary. Children's bureau. Katharine F. Lenfoot, chief. |
| 500 ## - GENERAL NOTE | |
| General note | Program and list of members, p. 119-149. |
| 650 #0 - SUBJECT ADDED ENTRY--TOPICAL TERM | |
| Topical term or geographic name entry element | Child welfare |
| Form subdivision | Congresses. |
| 650 #0 - SUBJECT ADDED ENTRY--TOPICAL TERM | |
| Topical term or geographic name entry element | Children |
| General subdivision | Health and hygiene |
| Form subdivision | Congresses. |
| 740 0# - ADDED ENTRY--UNCONTROLLED RELATED/ANALYTICAL TITLE | |
| Uncontrolled related/analytical title | Children in a democracy. |
No items available.